| 000 | 00562nam a22001817a 4500 | ||
|---|---|---|---|
| 005 | 20170703103652.0 | ||
| 010 | _aENG-118518 | ||
| 020 |
_a9788188729411 _c100.00 |
||
| 035 | _aEN-102050 | ||
| 037 | _bDBAD/PUB | ||
| 082 | _a181.41 | ||
| 100 | _aMehta,J.M. | ||
| 245 |
_aOm the symbol of God : _cby J.M. Mehta _bOM JAPA is the means to God realization / |
||
| 260 |
_aNew Delhi _bSukirti Publications _c2016 |
||
| 270 |
_a4510/IV,Daiwara,Roshanpura,Nai Sarak _bDelhi _e110006 |
||
| 300 |
_a72p. _c23cm(Hb) |
||
| 942 |
_2ddc _cEN _mMEH _h181.41 |
||
| 999 |
_c140792 _d140792 |
||